Statistics for All Valorant Agents (by Portrait)

Click here to take the quiz!

General Stats

  • This quiz has been taken 237 times
  • The average score is 18 of 18

Answer Stats

Answer% Correct
Chamber
100%
Cypher
100%
Phoenix
100%
Sova
100%
Yoru
100%
Astra
99%
Jett
99%
Neon
99%
Omen
99%
Raze
99%
Sage
99%
Viper
99%
Breach
98%
Brimstone
98%
KAY/O
98%
Killjoy
98%
Reyna
98%
Skye
97%

Score Distribution

Percentile by Number Answered

Percent of People with Each Score

Your Score History

You have not taken this quiz